000 00422nam a2200169Ia 4500
005 20250508160116.0
008 008 250505s9999 xx 000 0 eng d
037 _aTextual
040 _aFEDL
_beng
_cFEDL
041 _aeng
_2eng
084 _a420.7, NCE
_qFEDL
245 0 _aTeacher's guide book 1
245 0 _cNCERT
300 _axvi,176p.
942 _cTEXL
_h420.7, NCE
999 _c1361798
_d1361798